000 00994nam a2200277Ia 4500
003 OSt
005 20221005104351.0
006 a|||||r|||| 00| 0
007 ta
008 221004b |||||||| |||| 00| 0 hin d
020 _a9788188626045 (hbk)
_cIndian Rupees 160
024 _a68621
037 _bGift, 21/06/2021,
_cTextual
040 _aCRL
_cCRL
_bhin
041 _2hin
_ahin
082 _aO152,1N4210x, Q1
100 _aकृष्णदेव, ‘अरविन्द’, ले.
245 0 _aएकता के स्वर
246 _aEkatā ke svara
260 _aदिल्ली
_bबिमला पब्लिशर्स भारत
_c2011
300 _a131पृ0
_ccm.
650 _a हिन्दी साहित्य
650 _aहिन्दी कविता
942 _hO152,1N4210x, Q1
_cTEXL
_2cc
999 _c1012477
_d1012477